000 00785nam a2200265Ia 4500
003 OSt
005 20221007074206.0
006 a|||||r|||| 00| 0
007 ta
008 221006b |||||||| |||| 00| 0 eng d
024 _a606
037 _cReference Collections
040 _aFLL
_cFLL
_beng
041 _2eng
_aeng
082 _aF53:Z2qN54:9, K7;L0
110 _aThe High Courts of Judicaure, Allahabad
_9692671
245 0 _aPrevention of food adulteration act
250 _a6th
260 _aMeerut
_bThe hindustan law publishing company India
_c1970
300 _a271p
_ccm.
650 _aLaw
700 _aThe High Courts of Judicaure, Allahabad
_9692672
942 _hF53:Z2qN54:9, K7;L0
_cREF
_2CC
999 _c1151489
_d1151489